01619nam a22003614a 4500001001200000003000800012006001900020007001500039008004100054010001700095020003600112040002100148035002100169043001200190050002600202082001700228245011100245260005100356300002300407490006100430500014000491504005300631533015200684650006000836650004700896655002900943700002100972710004200993710001701035830006001052856012601112999001901238ebr10209946CaPaEBRm u cr cn|||||||||021114s2003 ilua sb 101 0 eng  z 2002043563 z0226533565 (cloth : alk. paper) aCaPaEBRcCaPaEBR a(OCoLC)239886893 an-us---14aHC110.I5bM378 2003eb04a362.5/8222100aMeans-tested transfer programs in the United Statesh[electronic resource] /cedited by Robert A. Moffitt. aChicago :bUniversity of Chicago Press,c2003. aix, 644 p. :bill.1 aA National Bureau of Economic Research conference report aPapers presented at a conference sponsored by the National Bureau of Economic Research and held in Cambridge, Mass. on May 11-12, 2000. aIncludes bibliographical references and indexes. aElectronic reproduction.bPalo Alto, Calif. :cebrary,d2013.nAvailable via World Wide Web.nAccess may be limited to ebrary affiliated libraries. 0aIncome maintenance programszUnited StatesvCongresses. 0aPublic welfarezUnited StatesvCongresses. 7aElectronic books.2local1 aMoffitt, Robert.2 aNational Bureau of Economic Research.2 aebrary, Inc. 0aNational Bureau of Economic Research conference report.40uhttp://site.ebrary.com/lib/rucke/Doc?id=10209946zAn electronic book accessible through the World Wide Web; click to view c226949d226949